000 03169nam a22002057a 4500
008 250225b ||||| |||| 00| 0 eng d
020 _a9781118795767
040 _aAR-FvUNAJ
041 _aeng
100 1 _921247
_aHuang, H. K.
245 1 0 _aPACS-Based multimedia imaging informatics :
_bbasic principles and applications /
_cH. K. Huang
250 _a3a.ed.
260 _aHoboken, NY :
_bWiley-Blackwell,
_c2019.
300 _alx, 608 p.
500 _aDescargar, imprimir, guardar y enviar por correo electrónico hasta 60 páginas permitidas. Descarga completa del libro electrónico. Debe tener instalado Adobe Digital Editions para leer el eBook.
520 _aThoroughly revised to present the very latest in PACS-based multimedia in medical imaging informatics—from the electronic patient record to the full range of topics in digital medical imaging—this new edition by the founder of PACS and multimedia image informatics features even more clinically applicable material than ever before. It uses the framework of PACS-based image informatics, not physics or engineering principles, to explain PACS-based multimedia informatics and its application in clinical settings and labs. New topics include Data Grid and Cloud Computing, IHE XDS-I Workflow Profile (Integrating the Healthcare Enterprise Cross-enterprise Document Sharing for Imaging), extending XDS to share images, and diagnostic reports and related information across a group of enterprise health care sites. PACS-Based Multimedia Imaging Informatics is presented in 4 sections. Part 1 covers the beginning and history of Medical Imaging, PACS, and Imaging Informatics. The other three sections cover Medical Imaging, Industrial Guidelines, Standards, and Compliance; Informatics, Data Grid, Workstation, Radiation Therapy, Simulators, Molecular Imaging, Archive Server, and Cloud Computing; and multimedia Imaging Informatics, Computer-Aided Diagnosis (CAD), Image-Guide Decision Support, Proton Therapy, Minimally Invasive Multimedia Image-Assisted Surgery, BIG DATA. New chapter on Molecular Imaging Informatics Expanded coverage of PACS and eHR's (Electronic Health Record), with HIPPA compliance New coverage of PACS-based CAD (Computer-Aided Diagnosis) Reorganized and expanded clinical chapters discuss one distinct clinical application each Minimally invasive image assisted surgery in translational medicine Authored by the world's first and still leading authority on PACS and medical imaging PACS-Based Multimedia Imaging Informatics: Basic Principles and Applications, 3rd Edition is the single most comprehensive and authoritative resource that thoroughly covers the critical issues of PACS-based hardware and software design and implementation in a systematic and easily comprehensible manner. It is a must-have book for all those involved in designing, implementing, and using PACS-based Multimedia Imaging Informatics.
856 _zIngresa con la contraseña de EBSCO
_uhttps://research.ebsco.com/c/6n4nn2/search/details/cojtbqqlab?db=nlebk&limiters=None&q=PACS-Based%20multimedia
942 _2ddc
_cLIBRO DIGI
980 _62
_aVirginia Figueroa
_82
_gVirginia Figueroa
999 _c10743
_d10743